000 00462nam a2200181Ia 4500
005 20250603144639.0
008 250603s9999 xx 000 0 und d
020 _a9781032727479
050 _aPN 1993.5 .D44 .C56/
100 _aEdited by Dilip M Menon and Amir Taha.
245 0 _aCinemas of the global south
260 _aAbingdon, Oxon
260 _bRoutledge
260 _c2024
300 _axi, 231p. ill.
650 _aAbingdon, Oxon
942 _cBK
999 _c39538
_d39538